[Event "Graz Open A 2019"]
[Site "Graz AUT"]
[Date "2019.02.21"]
[Round "6.12"]
[White "Liu, Zhaoqi"]
[Black "Markoja, Boris"]
[Result "0-1"]
[BlackTitle "IM"]
[WhiteElo "2323"]
[BlackElo "2440"]
[WhiteFideId "8609381"]
[BlackFideId "14608502"]
[EventDate "2019.02.17"]

1. c4 c5 2. Nc3 g6 3. g3 Bg7 4. Bg2 Nc6 5. b3 d6 6. Bb2 e5 7. e3 Nge7 8. Nge2
Bf5 9. O-O Qd7 10. Ne4 O-O 11. d3 Rad8 12. f4 b6 13. N2c3 Bh3 14. Bxh3 Qxh3 15.
Nd5 Nxd5 16. cxd5 Ne7 17. Qf3 Qd7 18. fxe5 dxe5 19. d6 Nf5 20. b4 cxb4 21. Rac1
Nxd6 22. Nf6+ Bxf6 23. Qxf6 Ne8 24. Qxe5 f6 25. Qd4 Rf7 26. Qxb4 Qxd3 27. Bd4
Nd6 28. Rcd1 Qb5 29. Bc3 Qxb4 30. Bxb4 Nb7 31. Rxd8+ Nxd8 32. Bc3 f5 33. Rd1 Nb7
34. Rd2 Nc5 35. Bd4 Rd7 36. Rc2 Ne6 37. Be5 Kf7 38. Kf2 Rd5 39. Bb8 Ra5 40. h4
Nc5 41. Kf3 Ra4 42. Bd6 Ne6 43. Bb8 h6 44. Rd2 Ke7 45. Bd6+ Ke8 46. Rc2 g5 47.
hxg5 hxg5 48. Ke2 Kd7 49. Bb8 Nc5 50. Kf3 Ke6 51. Bc7 Rb4 52. Bd8 g4+ 53. Ke2
Ne4 54. Bc7 Kd5 55. Bb8 Ra4 56. Ke1 Ra3 57. Bf4 Rc3 58. Rb2 Kc4 59. Kd1 Rd3+ 60.
Kc1 Nc3 61. Kc2 Nd5 62. Rb3 Nxf4 63. exf4 Rxb3 64. axb3+ Kd4 0-1

[Event "Graz Open A 2019"]
[Site "Graz AUT"]
[Date "2019.02.21"]
[Round "6.13"]
[White "Diermair, Andreas"]
[Black "Pranav, Anand"]
[Result "0-1"]
[WhiteTitle "GM"]
[BlackTitle "FM"]
[WhiteElo "2502"]
[BlackElo "2303"]
[WhiteFideId "1612468"]
[BlackFideId "46626786"]
[EventDate "2019.02.17"]

1. c4 e5 2. Nc3 Nf6 3. Nf3 Nc6 4. e3 Bb4 5. Qc2 Bxc3 6. Qxc3 d6 7. b4 a5 8. b5
Ne7 9. Be2 O-O 10. Bb2 a4 11. d3 Ng6 12. Nd2 d5 13. cxd5 Nxd5 14. Qa3 Be6 15.
Rc1 Qd7 16. h4 Bg4 17. Nf3 f6 18. Rc4 h5 19. Rxa4 Nb6 20. Rxa8 Rxa8 21. Qb3+ Be6
22. Qd1 Rxa2 23. Ba1 Qxb5 24. O-O Qa4 25. Qxa4 Nxa4 26. Re1 b5 27. d4 e4 28. Nh2
b4 29. Bxh5 Ne7 30. d5 Bxd5 31. Ng4 b3 32. Nxf6+ gxf6 33. Bxf6 b2 34. Kh2 Bb3
35. g4 Bc2 36. Kg3 Nd5 37. Be5 Nac3 38. Bg6 Ra1 39. h5 Rxe1 40. h6 Rh1 0-1

[Event "Graz Open A 2019"]
[Site "Graz AUT"]
[Date "2019.02.21"]
[Round "6.14"]
[White "Kravanja, Georg"]
[Black "Christiansen, Johan-Sebastian"]
[Result "0-1"]
[BlackTitle "GM"]
[WhiteElo "2286"]
[BlackElo "2559"]
[WhiteFideId "1622366"]
[BlackFideId "1512668"]
[EventDate "2019.02.17"]

1. d4 Nf6 2. c4 c5 3. d5 b5 4. cxb5 a6 5. f3 axb5 6. e4 Qa5+ 7. Bd2 b4 8. Na3 d6
9. Nc4 Qc7 10. a3 bxa3 11. Rxa3 Rxa3 12. bxa3 g6 13. Bd3 Bg7 14. Ne2 O-O 15. O-O
Ba6 16. Qc2 Nbd7 17. a4 Qa7 18. Kh1 Rb8 19. Bc3 Nb6 20. Nxb6 Qxb6 21. Bxa6 Qxa6
22. Ra1 Nd7 23. Bxg7 Kxg7 24. h3 Kg8 25. Kh2 Rb4 26. Nc3 Qa5 27. Ra3 Ne5 28. Rb3
Rxb3 29. Qxb3 c4 30. Qc2 h5 31. Qd2 Nd3 32. Qc2 h4 33. Qd2 Qb4 34. Qc2 Nc5 35.
Kh1 Qa3 36. Kh2 Qa1 37. Na2 Nb3 38. Nc3 Qe1 39. Nb1 Nd4 40. Qc3 Qd1 41. Qe3 Ne2
42. Na3 Ng3 43. Qg1 Nf1+ 44. Kh1 c3 45. a5 Qc1 0-1

[Event "Graz Open A 2019"]
[Site "Graz AUT"]
[Date "2019.02.21"]
[Round "6.15"]
[White "Bakalarz, Mietek"]
[Black "Sebenik, Matej"]
[Result "0-1"]
[WhiteTitle "IM"]
[BlackTitle "GM"]
[WhiteElo "2281"]
[BlackElo "2542"]
[WhiteFideId "4000749"]
[BlackFideId "14602296"]
[EventDate "2019.02.17"]

1. d4 Nf6 2. Nf3 g6 3. Bf4 Bg7 4. e3 d6 5. h3 O-O 6. Be2 c5 7. c3 cxd4 8. exd4
Nc6 9. O-O Nd5 10. Bg5 h6 11. c4 Nf6 12. Be3 d5 13. Nc3 Be6 14. b3 Ne4 15. Nxe4
dxe4 16. d5 Bxd5 17. cxd5 exf3 18. Bxf3 Ne5 19. Be2 Qa5 20. b4 Qxb4 21. Rb1 Qe4
22. Rxb7 e6 23. Bxa7 exd5 24. f3 Qf4 25. Qc1 Qa4 26. Bb5 Qxa2 27. Rf2 Qa5 28.
Be3 Nc4 29. Bxc4 dxc4 30. Bxh6 Rfe8 31. Bd2 Qd5 32. Rb1 Bd4 33. Bc3 Re2 0-1

[Event "Graz Open A 2019"]
[Site "Graz AUT"]
[Date "2019.02.21"]
[Round "6.16"]
[White "Cvitan, Ognjen"]
[Black "Khalakhan, Jurij"]
[Result "1-0"]
[WhiteTitle "GM"]
[BlackTitle "CM"]
[WhiteElo "2496"]
[BlackElo "2277"]
[WhiteFideId "14500086"]
[BlackFideId "14142368"]
[EventDate "2019.02.17"]

1. d4 d6 2. e4 Nf6 3. Nc3 g6 4. Nf3 Bg7 5. Be3 c6 6. Qd2 Nbd7 7. Bh6 O-O 8. h4
Bxh6 9. Qxh6 Ng4 10. Qd2 h5 11. Ng5 e5 12. f3 Ngf6 13. O-O-O Qe7 14. Be2 b5 15.
dxe5 dxe5 16. Qd6 Qxd6 17. Rxd6 Ne8 18. Rxc6 Bb7 19. Bxb5 Bxc6 20. Bxc6 Rd8 21.
Rd1 Nef6 22. Nd5 Kg7 23. b3 Nc5 24. Nxf6 Rxd1+ 25. Kxd1 Rd8+ 26. Nd5 f6 27. Nh3
Rd6 28. Bb5 f5 29. Bd3 1-0

[Event "Graz Open A 2019"]
[Site "Graz AUT"]
[Date "2019.02.21"]
[Round "6.17"]
[White "Drnovsek, Gal"]
[Black "Alinasab, Mobina"]
[Result "1-0"]
[WhiteTitle "IM"]
[BlackTitle "WIM"]
[WhiteElo "2421"]
[BlackElo "2256"]
[WhiteFideId "14607077"]
[BlackFideId "12528897"]
[EventDate "2019.02.17"]

1. d4 d5 2. c4 dxc4 3. e4 e5 4. Nf3 exd4 5. Bxc4 Bb4+ 6. Nbd2 Nc6 7. O-O Nf6 8.
e5 Nd5 9. Nb3 Nb6 10. Bb5 Bd7 11. Bg5 Be7 12. Bxe7 Qxe7 13. Bxc6 Bxc6 14. Nfxd4
Bd5 15. Qg4 g6 16. Rfe1 c6 17. Rac1 Bxb3 18. Nxb3 Rd8 19. Nc5 O-O 20. f4 Rd4 21.
Qg3 Nd7 22. Qe3 Rd5 23. Ne4 f5 24. Nc3 Rc5 25. Rcd1 Nb6 26. Rd6 Ra5 27. Qd4 Nd5
28. b4 Ra3 29. Nxd5 cxd5 30. Qxd5+ Kh8 31. e6 Ra6 32. Qe5+ Rf6 33. Rd7 1-0

[Event "Graz Open A 2019"]
[Site "Graz AUT"]
[Date "2019.02.21"]
[Round "6.18"]
[White "Mohite, Ranveer"]
[Black "Nguyen, Piotr"]
[Result "1/2-1/2"]
[BlackTitle "IM"]
[WhiteElo "2238"]
[BlackElo "2420"]
[WhiteFideId "25010352"]
[BlackFideId "1127993"]
[EventDate "2019.02.17"]

1. e4 g6 2. d4 Bg7 3. Nc3 d6 4. Be3 c6 5. Qd2 b5 6. f3 Nd7 7. h4 h5 8. O-O-O Qa5
9. Kb1 Nb6 10. a3 Rb8 11. Na2 Qxd2 12. Rxd2 Nc4 13. Bxc4 bxc4 14. c3 a5 15. Nh3
Bxh3 16. Rxh3 d5 17. Nc1 Nf6 18. Bf4 Rb7 19. Re2 Nd7 20. Rh1 Nb6 21. Ka1 Na4 22.
Rd1 Kd7 23. Rc2 e6 24. Ne2 Bh6 25. Bxh6 Rxh6 26. Rf1 Rh8 27. Rd1 Ke7 28. Rh1 Rb5
29. Rd1 Nb6 30. Rf1 Nd7 31. Rd2 Nf6 32. Ng3 Rbb8 33. Re2 Rbg8 34. f4 Nxe4 35.
Nxe4 dxe4 36. Rxe4 Rd8 37. a4 Rd5 38. Kb1 Rb8 39. Rf2 Rb7 40. Rfe2 Kf6 41. Re5
Rbd7 42. Kc2 Rb7 43. Re1 Rb6 44. R1e2 Rb7 45. Re1 Ke7 46. R1e2 Kd6 47. Re1 Rb3
48. R1e2 Rb7 49. Re1 Rb6 50. R1e2 Rb7 1/2-1/2

[Event "Graz Open A 2019"]
[Site "Graz AUT"]
[Date "2019.02.21"]
[Round "6.20"]
[White "Trippold, Denise"]
[Black "Low, Zhen Yu Cyrus"]
[Result "0-1"]
[WhiteTitle "WFM"]
[BlackTitle "IM"]
[WhiteElo "2153"]
[BlackElo "2377"]
[WhiteFideId "1625594"]
[BlackFideId "5804175"]
[EventDate "2019.02.17"]

1. c4 g6 2. g3 Bg7 3. Bg2 e5 4. Nc3 Ne7 5. e4 Nbc6 6. Nge2 d6 7. d3 O-O 8. O-O
Be6 9. Nd5 Qd7 10. Bg5 f6 11. Be3 f5 12. f4 Rae8 13. Qd2 a6 14. Rac1 Kh8 15. Kh1
Ng8 16. exf5 Bxf5 17. d4 exd4 18. Nxd4 Be4 19. Nxc6 bxc6 20. Bxe4 Rxe4 21. Nc3
Rxc4 22. Qd3 Rb4 23. b3 a5 24. Bc5 Rbb8 25. Bd4 c5 26. Bxg7+ Qxg7 27. Nd5 Nh6
28. Rfe1 Nf5 29. g4 Nd4 30. Re7 Rf7 31. Rce1 Nc6 32. R7e4 Nb4 33. Qd2 Rbf8 34.
Ne7 d5 35. R4e2 Rxf4 36. a3 Rd4 37. Qg5 Nd3 38. Nc6 Nxe1 39. Rxe1 Re4 40. Rc1
Qf6 41. Qxf6+ Rxf6 42. Rxc5 Rf2 43. Kg1 Ra2 0-1

[Event "Graz Open A 2019"]
[Site "Graz AUT"]
[Date "2019.02.21"]
[Round "6.23"]
[White "Lin, Yi"]
[Black "Lahav, Michal"]
[Result "1-0"]
[BlackTitle "WFM"]
[WhiteElo "2345"]
[BlackElo "2126"]
[WhiteFideId "8609659"]
[BlackFideId "2813742"]
[EventDate "2019.02.17"]

1. d4 Nf6 2. c4 c5 3. d5 e6 4. Nc3 exd5 5. cxd5 d6 6. Nf3 g6 7. Bf4 a6 8. a4 Bg7
9. h3 O-O 10. e3 Ne8 11. Be2 Nd7 12. O-O Qe7 13. Nd2 f5 14. Bh2 Ne5 15. Qc2 Rb8
16. a5 b5 17. axb6 Rxb6 18. Bxe5 Bxe5 19. Nc4 Rb4 20. Nxe5 Qxe5 21. Bxa6 Nf6 22.
Bxc8 Rxc8 23. Rfd1 Rcb8 24. Ra2 R8b7 25. Qe2 Ne4 26. Nxe4 fxe4 27. Rd2 Rb3 28.
Qg4 Kf7 29. Qc8 Qe8 30. Qg4 Qe5 31. Ra8 Rc7 32. Qh4 Kg7 33. Qd8 Qe7 34. Qh8+ Kh6
35. Re8 Qg7 36. Qxg7+ Kxg7 37. Rxe4 Rcb7 38. Re6 Rxb2 39. Rxb2 Rxb2 40. Rxd6
Rb1+ 41. Kh2 c4 42. Rc6 Rc1 43. e4 c3 44. e5 c2 45. Rc7+ Kf8 46. d6 1-0

[Event "Graz Open A 2019"]
[Site "Graz AUT"]
[Date "2019.02.22"]
[Round "7.1"]
[White "Gazik, Viktor"]
[Black "Tomazini, Zan"]
[Result "1-0"]
[WhiteTitle "IM"]
[BlackTitle "IM"]
[WhiteElo "2512"]
[BlackElo "2432"]
[WhiteFideId "14928752"]
[BlackFideId "14608162"]
[EventDate "2019.02.17"]

1. e4 c5 2. Nf3 d6 3. Nc3 Nf6 4. d4 cxd4 5. Nxd4 g6 6. Be3 a6 7. f3 Bg7 8. Qd2
Nbd7 9. Be2 Ne5 10. g4 h6 11. O-O-O b5 12. h4 h5 13. g5 Nh7 14. f4 Ng4 15. f5
Nxe3 16. Qxe3 Bd7 17. Nd5 e6 18. f6 exd5 19. fxg7 Rg8 20. exd5+ Qe7 21. Qf2 Nxg5
22. Bd3 f5 23. hxg5 Qxg5+ 24. Kb1 Rxg7 25. Rhg1 Qf6 26. Ne6 Bxe6 27. Rde1 Kf8
28. Rxe6 Qf7 29. Qd4 Kg8 30. Rf6 Qe8 31. Bxf5 gxf5 32. Rxg7+ Kxg7 33. Re6+ Kh7
34. Qf6 Qf8 35. Re7+ Qxe7 36. Qxe7+ Kg6 37. Qxd6+ Kg5 38. Qe7+ Kf4 39. d6 Rg8
40. b3 1-0

[Event "Graz Open A 2019"]
[Site "Graz AUT"]
[Date "2019.02.22"]
[Round "7.2"]
[White "Kryakvin, Dmitry"]
[Black "Teclaf, Pawel"]
[Result "1/2-1/2"]
[WhiteTitle "GM"]
[BlackTitle "CM"]
[WhiteElo "2588"]
[BlackElo "2450"]
[WhiteFideId "4153278"]
[BlackFideId "1185934"]
[EventDate "2019.02.17"]

1. d4 Nf6 2. c4 g6 3. Nf3 Bg7 4. e3 O-O 5. Be2 e6 6. O-O b6 7. Nc3 Bb7 8. Qc2 c5
9. Rd1 cxd4 10. Nxd4 a6 11. e4 Qc7 12. Be3 d6 13. f3 Nbd7 14. Rac1 Rac8 15. Bf1
Qb8 16. Qf2 Rfe8 17. Kh1 Qa8 18. b4 d5 19. cxd5 exd5 20. exd5 Nxd5 21. Nxd5 Bxd5
22. b5 axb5 23. Bxb5 Rxc1 24. Rxc1 Nc5 25. Bxe8 Nd3 26. Qd2 Nxc1 27. Nb5 Be5 28.
Bxf7+ Kxf7 29. Qxc1 Qxa2 30. Bxb6 Bxf3 31. Qf1 Kg7 32. Qxf3 Qb1+ 33. Bg1 Qxb5 1/2-1/2

[Event "Graz Open A 2019"]
[Site "Graz AUT"]
[Date "2019.02.22"]
[Round "7.3"]
[White "Markoja, Boris"]
[Black "Turov, Maxim"]
[Result "1/2-1/2"]
[WhiteTitle "IM"]
[BlackTitle "GM"]
[WhiteElo "2440"]
[BlackElo "2585"]
[WhiteFideId "14608502"]
[BlackFideId "4120086"]
[EventDate "2019.02.17"]

1. d4 Nf6 2. c4 g6 3. g3 c5 4. Nf3 Bg7 5. Bg2 O-O 6. Nc3 cxd4 7. Nxd4 Nc6 8. O-O
Qa5 9. Nb3 Qh5 10. e4 Qxd1 11. Rxd1 d6 12. c5 dxc5 13. Nxc5 e5 14. Nb3 Be6 15.
Nc5 Bc8 16. Nb3 Be6 17. Nc5 Bc8 18. Nb3 Be6 19. Nc5 Bc8 20. Nb3 1/2-1/2

[Event "Graz Open A 2019"]
[Site "Graz AUT"]
[Date "2019.02.22"]
[Round "7.4"]
[White "Sanal, Vahap"]
[Black "Szotkowski, Jakub"]
[Result "1-0"]
[WhiteTitle "GM"]
[BlackTitle "IM"]
[WhiteElo "2497"]
[BlackElo "2345"]
[WhiteFideId "6300545"]
[BlackFideId "330590"]
[EventDate "2019.02.17"]

1. e4 c6 2. Nf3 d5 3. Nc3 Bg4 4. Be2 e6 5. d4 Nf6 6. h3 Bxf3 7. Bxf3 dxe4 8.
Nxe4 Nxe4 9. Bxe4 Nd7 10. c3 Nf6 11. Bc2 Bd6 12. Qf3 Qa5 13. Bb3 O-O-O 14. Be3
Rd7 15. O-O-O Rhd8 16. Kb1 Bf8 17. Bc1 c5 18. dxc5 Bxc5 19. Rxd7 Rxd7 20. Re1
Qb6 21. Re2 Qd6 22. Bc2 Qd5 23. Qg3 Qc4 24. Re1 g6 25. Qf3 Be7 26. Be3 Qd5 27.
Qg3 Ne4 28. Qf4 Nd2+ 29. Kc1 e5 30. Qa4 Nc4 31. Rd1 Qc6 32. Qxc6+ bxc6 33. Rxd7
Kxd7 34. Bxa7 Bg5+ 35. Kb1 Nd2+ 36. Ka1 f5 37. Bd3 e4 38. Be2 f4 39. f3 Bf6 40.
fxe4 Nxe4 41. Bb8 g5 42. Bg4+ Kd8 43. Bf5 Nd2 44. Bxh7 Kc8 45. Ba7 Kb7 46. Bf2
f3 47. gxf3 Nxf3 48. Kb1 Kc7 49. Kc2 Kd6 50. Be4 Ne5 51. a4 g4 52. h4 Nc4 53.
Bd3 Ne5 54. Bf5 Nf3 55. h5 1-0

[Event "Graz Open A 2019"]
[Site "Graz AUT"]
[Date "2019.02.22"]
[Round "7.5"]
[White "Goh, Wei Ming Kevin"]
[Black "Ertan, Can"]
[Result "0-1"]
[WhiteTitle "IM"]
[BlackTitle "FM"]
[WhiteElo "2477"]
[BlackElo "2405"]
[WhiteFideId "5800706"]
[BlackFideId "6306330"]
[EventDate "2019.02.17"]

1. e4 e5 2. Nf3 Nc6 3. Bc4 Nf6 4. d3 Bc5 5. O-O d6 6. c3 O-O 7. Bg5 Be6 8. Bxe6
fxe6 9. b4 Bb6 10. a4 a6 11. a5 Ba7 12. Qb3 Qe8 13. Nbd2 Nh5 14. b5 axb5 15.
Qxb5 Rb8 16. Be3 Nf4 17. d4 exd4 18. cxd4 Nxd4 19. Qxe8 Rbxe8 20. Rfb1 Rb8 21.
Kf1 Nxf3 22. gxf3 Bxe3 23. fxe3 Nd3 24. Ke2 Nc5 25. Nb3 Na6 26. Nd4 e5 27. Nf5
g6 28. Ne7+ Kf7 29. Nd5 Ke6 30. h4 c6 31. Nb6 Rf7 32. Rg1 Rbf8 33. Rg3 Nc5 34.
Ra3 d5 35. Rc3 Kd6 36. exd5 cxd5 37. Rc1 e4 38. f4 Rf5 39. Rg5 Ne6 40. Nc8+ Rxc8
41. Rxc8 Nxg5 42. hxg5 Rf7 43. Kd2 Rc7 44. Rd8+ Ke6 45. Re8+ Re7 46. Rb8 Rd7 47.
Rf8 Rd6 48. Re8+ Kf5 49. Re7 d4 50. Rxh7 dxe3+ 51. Kxe3 Rd3+ 52. Kf2 Kxf4 53.
Rxb7 Rd2+ 54. Ke1 Ra2 55. Rb5 Kf3 56. Rb6 Ra1+ 57. Kd2 e3+ 58. Kd3 Rd1+ 0-1

[Event "Graz Open A 2019"]
[Site "Graz AUT"]
[Date "2019.02.22"]
[Round "7.6"]
[White "Navalgund, Niranjan"]
[Black "Loiseau, Quentin"]
[Result "0-1"]
[WhiteTitle "FM"]
[BlackTitle "IM"]
[WhiteElo "2359"]
[BlackElo "2452"]
[WhiteFideId "5030854"]
[BlackFideId "665274"]
[EventDate "2019.02.17"]

1. Nf3 d5 2. g3 g6 3. Bg2 Bg7 4. d4 Nf6 5. O-O c6 6. Nbd2 O-O 7. c4 Ne4 8. e3
Bf5 9. Nh4 Nxd2 10. Qxd2 Be6 11. cxd5 cxd5 12. b3 Nc6 13. Bb2 Qd7 14. Rfc1 Rfd8
15. Rc5 Rac8 16. Rac1 Bf8 17. Qc3 f6 18. Bf1 Qe8 19. b4 Nb8 20. Bb5 Qf7 21. Rc7
a6 22. Bd3 Qe8 23. e4 Nc6 24. Rxc8 Rxc8 25. Qb3 Nxd4 26. Rxc8 Qxc8 27. Qd1 dxe4
28. Bxe4 Nb5 29. a3 Nd6 30. Bf3 Nc4 31. Bc1 Bf7 32. Ng2 Ne5 33. Be4 f5 34. Bd5
Bxd5 35. Qxd5+ e6 36. Qxe5 Qxc1+ 37. Ne1 Kf7 38. Kg2 Bg7 39. Qe2 Qxa3 40. Nf3
Bf6 41. Qc4 Qc3 42. Ng5+ Kf8 43. Nxe6+ Ke7 44. Qd5 Qe5 45. Qxb7+ Kxe6 46. Qxa6+
Qd6 47. Qc8+ Kf7 48. Qb7+ Qe7 49. Qd5+ Qe6 50. Qb7+ Be7 51. b5 Qe4+ 52. Qxe4
fxe4 53. b6 Ke6 54. Kf1 Kd5 55. b7 Bd6 56. Ke2 Kd4 57. Kd2 Bb8 58. Ke2 Ba7 59.
Kd2 Kd5 60. f3 exf3 61. b8=Q Bxb8 62. Ke3 Ke5 63. Kxf3 Kf5 64. Kf2 Kg4 65. Kg2
Bxg3 66. hxg3 g5 67. Kh2 Kf3 68. Kh3 g4+ 69. Kh4 h6 0-1

[Event "Graz Open A 2019"]
[Site "Graz AUT"]
[Date "2019.02.22"]
[Round "7.7"]
[White "Pranav, Anand"]
[Black "Haldorsen, Benjamin"]
[Result "0-1"]
[WhiteTitle "FM"]
[BlackTitle "IM"]
[WhiteElo "2303"]
[BlackElo "2450"]
[WhiteFideId "46626786"]
[BlackFideId "1512633"]
[EventDate "2019.02.17"]

1. d4 Nf6 2. c4 c5 3. d5 b5 4. cxb5 a6 5. bxa6 g6 6. Nc3 Bg7 7. Nf3 O-O 8. e4
Qa5 9. Bd2 Bxa6 10. Be2 Bxe2 11. Qxe2 Qa6 12. e5 Qxe2+ 13. Kxe2 Ng4 14. Bf4 f6
15. Ne4 Ra4 16. Nxc5 Rxf4 17. g3 Rb4 18. Nd3 Re4+ 19. Kf1 fxe5 0-1

[Event "Graz Open A 2019"]
[Site "Graz AUT"]
[Date "2019.02.22"]
[Round "7.8"]
[White "Christiansen, Johan-Sebastian"]
[Black "Radovanovic, Nikola"]
[Result "1/2-1/2"]
[WhiteTitle "GM"]
[BlackTitle "IM"]
[WhiteElo "2559"]
[BlackElo "2418"]
[WhiteFideId "1512668"]
[BlackFideId "900087"]
[EventDate "2019.02.17"]

1. Nf3 Nf6 2. c4 g6 3. g3 Bg7 4. Nc3 O-O 5. Bg2 d6 6. d4 Nbd7 7. O-O e5 8. e4 c6
9. b3 a6 10. dxe5 dxe5 11. Qc2 Qe7 12. Rd1 Re8 13. Bb2 a5 14. Ne1 h5 15. Nd3 h4
16. Qc1 hxg3 17. hxg3 Ng4 18. Bf3 Nf8 19. Na4 Ra6 20. Qd2 Nh7 21. Qe2 Nh6 22.
Bg2 Ng5 23. f3 Ne6 24. Qe3 Nd4 25. Rd2 b5 26. Nac5 Ra8 27. Rad1 bxc4 28. bxc4
Kh7 29. Qf2 Ne6 30. Na4 Ng5 31. Nb6 Rb8 32. Nxc8 Rbxc8 33. Qc5 Qc7 34. Bc3 Ra8
35. Qe3 Ne6 36. Qf2 Rad8 37. Nc5 Nd4 38. Nb3 Nxb3 39. axb3 Rxd2 40. Rxd2 Rb8 41.
Qc5 Rxb3 42. Bxa5 Qb7 43. Kh2 Ng8 44. Ra2 Rb1 45. Rd2 Rb3 46. Bd8 Rc3 47. Bb6
Qa6 48. Qxc6 Rxc4 49. Qd5 Rc3 50. Bd8 Qa7 51. Qd7 Qe3 52. Ba5 Ra3 53. Bb4 Rb3
54. Ba5 Nf6 55. Qh3+ Nh5 56. Ra2 Rb1 57. Qg4 Qb3 58. Rd2 Qb5 59. Rd5 Qc6 60. Qd7
Qc1 61. Qg4 Qg1+ 62. Kh3 Rb2 63. Rd2 Rxd2 64. Bxd2 Qd4 65. Ba5 Bf6 66. Be1 Qe3
67. Ba5 Qc5 68. Bd2 Qd4 69. Ba5 Qc5 1/2-1/2

[Event "Graz Open A 2019"]
[Site "Graz AUT"]
[Date "2019.02.22"]
[Round "7.9"]
[White "Zhang, Ziji"]
[Black "Istratescu, Andrei"]
[Result "0-1"]
[BlackTitle "GM"]
[WhiteElo "2406"]
[BlackElo "2555"]
[WhiteFideId "8609470"]
[BlackFideId "1200372"]
[EventDate "2019.02.17"]

1. d4 g6 2. Nf3 Bg7 3. g3 c5 4. d5 b5 5. e4 a6 6. a4 b4 7. Bg2 d6 8. a5 Bd7 9.
O-O Bb5 10. Re1 Nd7 11. Nbd2 Ngf6 12. h3 O-O 13. Ra2 Ne8 14. b3 Ra7 15. Nc4 Bxc4
16. bxc4 Qc7 17. Bg5 Bf6 18. Bxf6 exf6 19. h4 Ng7 20. Bh3 Re8 21. Qa1 Qd8 22.
Rb2 Ne5 23. Nd2 g5 24. f4 gxf4 25. gxf4 Ng6 26. f5 Ne5 27. Kh2 Kh8 28. Ra2 Nh5
29. Rf1 Rg8 30. Qd1 Qf8 0-1

[Event "Graz Open A 2019"]
[Site "Graz AUT"]
[Date "2019.02.22"]
[Round "7.10"]
[White "Sebenik, Matej"]
[Black "Hoefelsauer, Thomas"]
[Result "1-0"]
[WhiteTitle "GM"]
[BlackTitle "FM"]
[WhiteElo "2542"]
[BlackElo "2361"]
[WhiteFideId "14602296"]
[BlackFideId "24668842"]
[EventDate "2019.02.17"]

1. Nf3 d5 2. d4 Nf6 3. c4 c6 4. Nc3 a6 5. Qc2 g6 6. cxd5 cxd5 7. Bg5 Bg7 8. Bxf6
exf6 9. e3 O-O 10. Be2 Be6 11. O-O Nc6 12. Rfc1 Rc8 13. Ne1 Qd6 14. Nd3 Nb4 15.
Nxb4 Qxb4 16. Qb3 Qxb3 17. axb3 Rc6 18. Na4 Rfc8 19. Rxc6 Rxc6 20. Nc5 Rb6 21.
Ra4 Bf8 22. b4 Bd6 23. g3 Kf8 24. b5 axb5 25. Ra8+ Ke7 26. b4 Bd7 27. Bf3 Bc6
28. Kf1 Bxc5 29. dxc5 Ra6 30. Rxa6 bxa6 31. Ke2 Ke6 32. Kd3 f5 33. Kd4 f6 34.
Bd1 g5 35. h3 h6 36. Bb3 g4 37. hxg4 fxg4 38. e4 1-0

[Event "Graz Open A 2019"]
[Site "Graz AUT"]
[Date "2019.02.22"]
[Round "7.11"]
[White "Drazic, Sinisa"]
[Black "Stefansson, Hannes"]
[Result "1/2-1/2"]
[WhiteTitle "GM"]
[BlackTitle "GM"]
[WhiteElo "2408"]
[BlackElo "2514"]
[WhiteFideId "901172"]
[BlackFideId "2300087"]
[EventDate "2019.02.17"]

1. d4 Nf6 2. c4 e6 3. g3 d5 4. Nf3 Be7 5. Bg2 O-O 6. O-O c6 7. b3 b6 8. Qc2 Bb7
9. Ba3 Bxa3 10. Nxa3 Nbd7 11. cxd5 exd5 12. Rac1 Qe7 13. Nb1 c5 14. Nc3 Ne4 15.
Nxe4 Qxe4 16. dxc5 Nxc5 17. Ng5 Qxc2 18. Rxc2 Rac8 19. Rfc1 h6 20. Nf3 Ne6 1/2-1/2

[Event "Graz Open A 2019"]
[Site "Graz AUT"]
[Date "2019.02.22"]
[Round "7.12"]
[White "Eggleston, David J"]
[Black "Cvitan, Ognjen"]
[Result "1/2-1/2"]
[WhiteTitle "IM"]
[BlackTitle "GM"]
[WhiteElo "2390"]
[BlackElo "2496"]
[WhiteFideId "412120"]
[BlackFideId "14500086"]
[EventDate "2019.02.17"]

1. e4 c5 2. Nf3 g6 3. d4 cxd4 4. Nxd4 Nc6 5. c4 Nf6 6. Nc3 d6 7. Be2 Nxd4 8.
Qxd4 Bg7 9. Bg5 O-O 10. Qd2 Be6 11. O-O Qa5 12. b3 Rfc8 13. Rac1 a6 14. f3 b5
15. Nd5 Qxd2 16. Bxd2 Nxd5 17. cxd5 Bd4+ 18. Kh1 Bd7 19. Rxc8+ Rxc8 20. Rc1
Rxc1+ 1/2-1/2

[Event "Graz Open A 2019"]
[Site "Graz AUT"]
[Date "2019.02.22"]
[Round "7.13"]
[White "Ankit, R. Rajpara"]
[Black "Lewicki, Miroslaw"]
[Result "1/2-1/2"]
[WhiteTitle "GM"]
[BlackTitle "CM"]
[WhiteElo "2451"]
[BlackElo "2346"]
[WhiteFideId "5023335"]
[BlackFideId "1113380"]
[EventDate "2019.02.17"]

1. d4 Nf6 2. c4 e6 3. g3 d5 4. Nf3 b6 5. Bg2 Bb7 6. cxd5 exd5 7. Nc3 Be7 8. O-O
O-O 9. Bf4 c5 10. Rc1 Nc6 11. dxc5 bxc5 12. Bg5 Na5 13. Na4 Ne4 14. Bxe7 Qxe7
15. Nd2 c4 16. Nxe4 dxe4 17. Qd2 Qe5 18. b4 Qb5 19. Nc5 e3 20. Qxe3 Bxg2 21.
Kxg2 Rfe8 22. Qa3 Nc6 23. Qa6 Qxa6 24. Nxa6 Rxe2 25. Rxc4 Ne5 26. Rc5 Nd3 27.
Rc3 Ne1+ 28. Kg1 g5 29. a4 g4 30. Rc1 Rae8 31. Nc5 Nf3+ 32. Kg2 Ne1+ 33. Kg1
Nf3+ 34. Kg2 Ne1+ 35. Kh1 1/2-1/2

[Event "Graz Open A 2019"]
[Site "Graz AUT"]
[Date "2019.02.22"]
[Round "7.14"]
[White "Low, Zhen Yu Cyrus"]
[Black "Drnovsek, Gal"]
[Result "1-0"]
[WhiteTitle "IM"]
[BlackTitle "IM"]
[WhiteElo "2377"]
[BlackElo "2421"]
[WhiteFideId "5804175"]
[BlackFideId "14607077"]
[EventDate "2019.02.17"]

1. e4 c5 2. Nf3 d6 3. d4 cxd4 4. Nxd4 Nf6 5. Nc3 a6 6. g3 e5 7. Nde2 b5 8. Nd5
Nbd7 9. Nec3 Bb7 10. Bg2 Be7 11. O-O O-O 12. b3 Rc8 13. Ba3 Nxd5 14. Nxd5 Bxd5
15. Qxd5 Nb6 16. Qd2 Rc6 17. Bb4 Qb8 18. Bh3 Qb7 19. Rfd1 Rb8 20. Rac1 Nd7 21.
Bf1 Nb6 22. Qe3 g6 23. Rd2 Kg7 24. Rcd1 Qc7 25. Ba5 Qc8 26. h4 h5 27. Kh2 Qb7
28. Qf3 Nd7 29. a3 Nc5 30. c4 Ne6 31. Bc3 Qb6 32. cxb5 axb5 33. Bh3 Nc5 34. Bb2
Rb7 35. Qe3 Bf6 36. f4 Qc7 37. f5 Qe7 38. Rg2 Rb8 39. g4 hxg4 40. Rxg4 Rh8 41.
fxg6 Rxh4 42. Rxh4 Bxh4 43. Bc1 Bg5 44. Qxg5 Qxg5 45. Bxg5 Nxe4 46. Be7 Rc2+ 47.
Bg2 Kxg6 48. Kg1 f5 49. Bxe4 fxe4 50. Bxd6 Kf5 51. Re1 Rb2 52. b4 Ra2 53. Re3
Kf4 54. Bc5 Rc2 55. Kf1 Rb2 56. Ke1 Ra2 57. Kd1 Rb2 58. Rc3 Ra2 59. Be3+ Kf3 60.
Bc1+ Kg4 61. Rc2 Ra1 62. Ke2 1-0